000 01058nam a2200313 a 4500
001 32375
003 Bd-RjUL
005 20211209051827.0
008 140426s1973 enka 001 0beng d
020 _a0198216882
035 _a(BD-RjUL)32464
040 _a(BD-RjUL)
_beng
_cBD-RjUL
_dBD-RjUL
041 _aeng
082 0 0 _bSTI 1973
_a297.61
100 1 _aStewart, C. C.
_q(Charles Cameron)
_998500
245 1 0 _aIslam and social order in Mauritania :
_ba case study from the nineteenth century /
_cby C. C. Stewart with E. K. Stewart
260 _aOxford :
_bClarendon Press,
_c1973
300 _axviii, 204 p. :
_bill. ;
_c23 cm
490 1 _aOxford studies in African affairs
500 _aRevision of author's thesis, Oxford
504 _aInclues bibliography and index
600 1 0 _aSidiyya al-Kabir,
_cShaikh,
_d1775-1868
_9101077
650 0 _aIslam
_zMauritania
_998502
700 1 _aStewart, E. K.
_998503
830 0 _aOxford studies in African affairs
_9101078
942 _2ddc
_cBK
999 _c32375
_d32375